00871nam a2200253Ia 4500003000400000005001700004008004100021020001800062040000700080041000800087082001500095100002800110245005700138250000600195260003900201300001700240365001200257650002200269650003600291906006300327942001200390999001900402952019600421OSt20260227103043.0210719s2018 xx 000 0 und d a9789386828552 cAL aeng a333.7 KULN aKulshrestha U C9257032 aNarains development and environmental economics Ed 4 a4 aAgrabLakshmi Narain Agarwalc2018 avii,383pbPB b220cRs aEconomics9257033 aEnvironmental Economics9257034 a4 ; development ; economics ; ed ; environmental ; Narains 2ddccBK c212031d212031 00102ddc40708COMaALbALd2021-03-15eSapna Book House Pvt Ltd, K S Rao Road, Mangalore-575001 | General Annualg220.00l0o333.7 KULNp074845r2021-07-19 00:00:00v176.00w2021-07-19yBK